Critical Reasoning in Ethics: a practical introduction (Record no. 6875)
[ view plain ]
| 000 -LEADER | |
|---|---|
| fixed length control field | 00572nam a22002057a 4500 |
| 003 - CONTROL NUMBER IDENTIFIER | |
| control field | OSt |
| 005 - DATE AND TIME OF LATEST TRANSACTION | |
| control field | 20210413171331.0 |
| 008 - FIXED-LENGTH DATA ELEMENTS--GENERAL INFORMATION | |
| fixed length control field | 210413b ||||| |||| 00| 0 eng d |
| 020 ## - INTERNATIONAL STANDARD BOOK NUMBER | |
| International Standard Book Number | 9780415171854 |
| 040 ## - CATALOGING SOURCE | |
| Transcribing agency | DDC |
| 082 ## - DEWEY DECIMAL CLASSIFICATION NUMBER | |
| Classification number | 154.2 THO 1999 |
| 100 ## - MAIN ENTRY--PERSONAL NAME | |
| Personal name | Thomson, Anne |
| 9 (RLIN) | 14096 |
| 245 ## - TITLE STATEMENT | |
| Title | Critical Reasoning in Ethics: a practical introduction |
| 260 ## - PUBLICATION, DISTRIBUTION, ETC. (IMPRINT) | |
| Place of publication, distribution, etc. | London ; |
| Name of publisher, distributor, etc. | Routledge, |
| Date of publication, distribution, etc. | 1999 |
| 300 ## - PHYSICAL DESCRIPTION | |
| Extent | vii,214p; |
| Other physical details | ill: |
| Dimensions | 25cm |
| 504 ## - BIBLIOGRAPHY, ETC. NOTE | |
| Bibliography, etc | appendices, bibliography & index |
| 650 ## - SUBJECT ADDED ENTRY--TOPICAL TERM | |
| Topical term or geographic name as entry element | Ethics |
| 9 (RLIN) | 1778 |
| 650 ## - SUBJECT ADDED ENTRY--TOPICAL TERM | |
| Topical term or geographic name as entry element | Critical reasoning |
| 9 (RLIN) | 14097 |
| 942 ## - ADDED ENTRY ELEMENTS (KOHA) | |
| Source of classification or shelving scheme | Dewey Decimal Classification |
| Koha item type | Book Bank |
| Withdrawn status | Lost status | Source of classification or shelving scheme | Damaged status | Not for loan | Home library | Current library | Date acquired | Source of acquisition | Inventory number | Total Checkouts | Full call number | Barcode | Date last seen | Date last checked out | Koha item type |
|---|---|---|---|---|---|---|---|---|---|---|---|---|---|---|---|
| Dewey Decimal Classification | MUST Main Library | MUST Main Library | 13/04/2021 | Purchase | 20/41219 | 1 | 154.2 THO 1999 | 2021-0415 | 09/08/2022 | 27/07/2022 | Open Shelf | ||||
| Dewey Decimal Classification | MUST Main Library | MUST Main Library | 13/04/2021 | Purchase | 20/41220 | 154.2 THO 1999 | 2021-0416 | 13/04/2021 | Open Shelf | ||||||
| Dewey Decimal Classification | MUST Main Library | MUST Main Library | 13/04/2021 | Purchase | 20/41221 | 154.2 THO 1999 | 2021-0417 | 13/04/2021 | Open Shelf |
